Statistics for European Countries by highest Peak

Click here to take the quiz!

General Stats

  • This quiz has been taken 26 times
  • The average score is 20 of 46

Answer Stats

MountainHeight (m)Country% Correct
Vatican Hill75Vatican
90%
Mont Blanc4810France
85%
Monte Bianco4810Italy
85%
Galdhøpiggen2469Norway
85%
Großglockner3798Austria
80%
Elbrus5642Russia
80%
Møllehøj170Denmark
75%
Hvannadalshnúkur2110Iceland
70%
Vordergrauspitz2599Liechtenstein
70%
Pico del Teide3715Spain
65%
Ararat5137Turkey
65%
Ben Nevis1345United Kingdom
65%
Zugspitze2962Germany
55%
Ponta do Pico2351Portugal
55%
Mytikas2917Greece
50%
Carrantuohill1039Ireland
50%
Moldoveanu2544Romania
50%
Monte Titano739San Marino
50%
Dufourspitze4634Switzerland
50%
Sněžka1603Czechia
45%
Jardin Exotique164Monaco
45%
Suur Munamägi318Estonia
40%
Vaalserberg322The Netherlands
40%
Coma Pedrosa2942Andorra
35%
Botrange694Belgium
35%
Maglić2386Bosnia & Herzegovina
35%
Aukštasis kalnas294Lithuania
35%
Dzyarzhynskaya Hara345Belarus
30%
Dealul Bălănești430Moldova
30%
Korab2764Albania
25%
Triglav2864Slovenia
25%
Dinara1831Croatia
20%
Haltitunturi1324Finland
20%
Kékes1014Hungary
20%
Gaiziņkalns311Latvia
20%
Kneiff560Luxembourg
20%
Dingli Cliffs253Malta
20%
Korab2764North Macedonia
20%
Rysy2500Poland
20%
Gerlachovský štít2655Slovakia
20%
Kebnekaise2096Sweden
20%
Zla Kolata2534Montenegro
15%
Midžor2169Serbia
15%
Hoverla2061Ukraine
15%
Musala2925Bulgaria
10%
Rudoka2658Kosovo
0%

Score Distribution

Percentile by Number Answered

Percent of People with Each Score

Your Score History

You have not taken this quiz